<?xml version="1.0" encoding="UTF-8"?>
<record
    xmlns:xsi="http://www.w3.org/2001/XMLSchema-instance"
    xsi:schemaLocation="http://www.loc.gov/MARC21/slim http://www.loc.gov/standards/marcxml/schema/MARC21slim.xsd"
    xmlns="http://www.loc.gov/MARC21/slim">

  <leader>02226njm a2200421Ia 4500</leader>
  <controlfield tag="001">54494</controlfield>
  <controlfield tag="003">IT-RoPAU</controlfield>
  <controlfield tag="005">20220918181200.0</controlfield>
  <controlfield tag="008">131025s9999    xx            000 0 und d</controlfield>
  <datafield tag="040" ind1=" " ind2=" ">
    <subfield code="a">IT-RoPAU</subfield>
  </datafield>
  <datafield tag="040" ind1=" " ind2=" ">
    <subfield code="c">IT-RoPAU</subfield>
  </datafield>
  <datafield tag="999" ind1=" " ind2=" ">
    <subfield code="c">102887</subfield>
    <subfield code="d">102887</subfield>
  </datafield>
  <datafield tag="999" ind1=" " ind2=" ">
    <subfield code="b">n.d.</subfield>
  </datafield>
  <datafield tag="100" ind1=" " ind2=" ">
    <subfield code="a">Hendrix Jimi</subfield>
    <subfield code="9">2655</subfield>
  </datafield>
  <datafield tag="100" ind1=" " ind2=" ">
    <subfield code="e">Autore musica</subfield>
    <subfield code="9">22831</subfield>
  </datafield>
  <datafield tag="100" ind1=" " ind2=" ">
    <subfield code="g">Codice autore musica SPICS: 5532</subfield>
    <subfield code="9">2657</subfield>
  </datafield>
  <datafield tag="245" ind1=" " ind2=" ">
    <subfield code="a">Live At Winterland (The Jimy Hendrix Experience) Lp 833 004-1</subfield>
  </datafield>
  <datafield tag="250" ind1=" " ind2=" ">
    <subfield code="a">2a ed.</subfield>
  </datafield>
  <datafield tag="260" ind1=" " ind2=" ">
    <subfield code="a">GERMANY</subfield>
  </datafield>
  <datafield tag="260" ind1=" " ind2=" ">
    <subfield code="b">POLYDOR</subfield>
    <subfield code="c">1987 [1a Ed.:1968 - Ed. Lingua Orig.: 1968]</subfield>
  </datafield>
  <datafield tag="300" ind1=" " ind2=" ">
    <subfield code="a">DISCO</subfield>
  </datafield>
  <datafield tag="300" ind1=" " ind2=" ">
    <subfield code="c">70 minuti (Testo:  pag.)</subfield>
  </datafield>
  <datafield tag="500" ind1=" " ind2=" ">
    <subfield code="a">Musica rock. Strumentale.</subfield>
  </datafield>
  <datafield tag="505" ind1=" " ind2=" ">
    <subfield code="a">Fire (4:00) - Manic Depression (5:00) - Sunshine of Your Love (7:00) - Spanish Castle Magic (6:00) - Red House (11:00) - Killing Floor (9:00) - Tax Free (8:00) - Foxy Lady (5:00) - Hey Joe (7:00) - Purple Haze (500) - Wild Thing (4:00)</subfield>
  </datafield>
  <datafield tag="511" ind1=" " ind2=" ">
    <subfield code="a">The Jimy Hendrix Experience</subfield>
  </datafield>
  <datafield tag="650" ind1=" " ind2=" ">
    <subfield code="a">ROCK STRUMENTAL [DISCHI]</subfield>
    <subfield code="e">Codice MATERIA SPICS: 9950</subfield>
    <subfield code="9">22832</subfield>
  </datafield>
  <datafield tag="700" ind1=" " ind2=" ">
    <subfield code="a">Hendrix Jimi</subfield>
    <subfield code="g">Codice interprete SPICS: 5532</subfield>
    <subfield code="e">Interprete</subfield>
    <subfield code="9">22833</subfield>
  </datafield>
  <datafield tag="700" ind1=" " ind2=" ">
    <subfield code="a">Hendrix Jimi</subfield>
    <subfield code="g">Codice autore musica SPICS: 5532</subfield>
    <subfield code="e">Autore musica</subfield>
    <subfield code="p">Fire - Manic Depression - Spanish Castle Magic - Red House - Foxy Lady - Purple Haze</subfield>
    <subfield code="9">22834</subfield>
  </datafield>
  <datafield tag="700" ind1=" " ind2=" ">
    <subfield code="a">Bruce Jack</subfield>
    <subfield code="g">Codice autore musica SPICS: 20807</subfield>
    <subfield code="e">Autore musica</subfield>
    <subfield code="p">Sunshine of Your Love</subfield>
    <subfield code="9">22835</subfield>
  </datafield>
  <datafield tag="700" ind1=" " ind2=" ">
    <subfield code="a">Brown</subfield>
    <subfield code="g">Codice autore SPICS: 20445</subfield>
    <subfield code="e">Autore musica</subfield>
    <subfield code="p">Sunshine of Your Love</subfield>
    <subfield code="9">22836</subfield>
  </datafield>
  <datafield tag="700" ind1=" " ind2=" ">
    <subfield code="a">Clapton Eric</subfield>
    <subfield code="g">Codice autore testo/musica SPICS: 10830</subfield>
    <subfield code="e">Autore testo/musica</subfield>
    <subfield code="p">Sunshine of Your Love</subfield>
    <subfield code="9">22837</subfield>
  </datafield>
  <datafield tag="700" ind1=" " ind2=" ">
    <subfield code="a">Burnett Chester</subfield>
    <subfield code="g">Codice autore musica SPICS: 20808</subfield>
    <subfield code="e">Autore musica</subfield>
    <subfield code="p">Killing Floor</subfield>
    <subfield code="9">22838</subfield>
  </datafield>
  <datafield tag="700" ind1=" " ind2=" ">
    <subfield code="a">Bosse Bo I.G.</subfield>
    <subfield code="g">Codice autore musica SPICS: 20809</subfield>
    <subfield code="e">Autore musica</subfield>
    <subfield code="p">Tax Free</subfield>
    <subfield code="9">22839</subfield>
  </datafield>
  <datafield tag="700" ind1=" " ind2=" ">
    <subfield code="a">Hansson</subfield>
    <subfield code="g">Codice autore SPICS: 20810</subfield>
    <subfield code="e">Autore</subfield>
    <subfield code="p">Tax Free</subfield>
    <subfield code="9">22840</subfield>
  </datafield>
  <datafield tag="700" ind1=" " ind2=" ">
    <subfield code="a">Karlsson John</subfield>
    <subfield code="g">Codice autore testo/musica SPICS: 20811</subfield>
    <subfield code="e">Autore testo/musica</subfield>
    <subfield code="p">Tax Free</subfield>
    <subfield code="9">22841</subfield>
  </datafield>
  <datafield tag="700" ind1=" " ind2=" ">
    <subfield code="a">Roberts Billy</subfield>
    <subfield code="g">Codice autore musica SPICS: 20812</subfield>
    <subfield code="e">Autore musica</subfield>
    <subfield code="p">Hey Joe</subfield>
    <subfield code="9">22842</subfield>
  </datafield>
  <datafield tag="700" ind1=" " ind2=" ">
    <subfield code="a">Taylor Cecil</subfield>
    <subfield code="g">Codice autore musica SPICS: 18850</subfield>
    <subfield code="e">Autore musica</subfield>
    <subfield code="p">Wild Thing </subfield>
    <subfield code="9">22843</subfield>
  </datafield>
  <datafield tag="942" ind1=" " ind2=" ">
    <subfield code="c">MD</subfield>
    <subfield code="2">ddc</subfield>
  </datafield>
  <datafield tag="952" ind1=" " ind2=" ">
    <subfield code="0">0</subfield>
    <subfield code="1">0</subfield>
    <subfield code="4">0</subfield>
    <subfield code="6">54494_000000000000000</subfield>
    <subfield code="7">1</subfield>
    <subfield code="a">SPICS</subfield>
    <subfield code="b">SPICS</subfield>
    <subfield code="d">2013-10-25</subfield>
    <subfield code="l">0</subfield>
    <subfield code="o">54494</subfield>
    <subfield code="r">2013-10-25 00:00:00</subfield>
    <subfield code="w">2013-10-25</subfield>
    <subfield code="y">MD</subfield>
    <subfield code="z">Progr. Ins.: 15356 / N.Vol.: 2 / Copie: 1 - Copia rara: n.d. / date import: 01.01.2014 - By Epidotti, Trombetti, Vaglietti</subfield>
  </datafield>
</record>
